Evaluácia podpory univerzít v podmienkach Slovenskej republiky diplomová práca

Na minha lista:
Detalhes bibliográficos
Autor principal: Švecová, Jaroslava
Autor Corporativo: Národohospodárska fakulta EU. Katedra verejnej správy a regionálneho rozvoja
Outros Autores: Némethová, Valéria, 1987-
Formato: Livro
Idioma:eslovaco
Publicado em: Bratislava 2022
Tags: Adicionar Tag
Sem tags, seja o primeiro a adicionar uma tag!

MARC

LEADER 00000nbm a2200000 4500
001 0284108
005 20221104102205.0
041 0 |a slo 
044 |a SK 
245 1 0 |a Evaluácia podpory univerzít v podmienkach Slovenskej republiky  |b diplomová práca  |c Jaroslava Švecová ; školiteľ: Valéria Némethová 
264 1 |a Bratislava  |c 2022 
300 |a 88 s. 
100 1 |a Švecová, Jaroslava 
700 1 |a Némethová, Valéria, 1987- 
710 2 |a Národohospodárska fakulta EU. Katedra verejnej správy a regionálneho rozvoja